000 00902nam a2200241 a 4500
001 000019047
005 20200929165917.0
008 100524s1987 pr 000 0dspa d
020 _a0865811881
040 _aDO-SdBNP
_bspa
_cBNPHU
082 _a828
_bB562B, 1987
100 1 _aBonafoux y Quintero, Luis,
_d1855-1918
_925585
245 1 0 _aBetances /
_cLuis Bonafoux.
250 _a3. ed.
260 _aSan Juan de Puerto Rico :
_bInstituto de Cultura Puertorriquena,
_c1987.
300 _alxxix, 394 p. ;
_c19 cm.
490 0 _aBiblioteca popular
500 _aIncluye documentos en francés
600 1 0 _aBETANCES, RAMÓN EMETERIO,
_d1827-1898
_xBIOGRAFÍA
_940982
600 1 0 _aBETANCES, RAMÓN EMETERIO,
_d1827-1898
_xCRÍTICA E INTERPRETACIÓN
_940983
650 4 _aAutores puertorriqueños
_ySIGLO XIX
_xBiografías
_940984
650 4 _aAutores puertorriqueños
_xCrítica e interpretación
_938783
999 _c18565
_d18565